Statistics for Greatest mustache in History #4

Click here to take the quiz!

General Stats

  • This quiz has been taken 6 times
  • The average score is 7 of 16

Answer Stats

Answer% Correct
Martin Luther King Jr.
100%
John Lennon
83%
Prince
83%
Sean Penn
83%
Frank Zappa
67%
Genghis Khan
67%
Eddie Murphy
50%
George V
50%
Ivan the Terrible
50%
Johnny Deep
33%
Chris Cornell
17%
John Waters
17%
Anthony Kiedies
0%
Jamie Hyneman
0%
Lajos Kossuth
0%
Stephen Bathory
0%

Score Distribution

Percentile by Number Answered

Percent of People with Each Score

Your Score History

You have not taken this quiz